000 00390nam a22001817a 4500
003 UA-OsUOA
001 33970
007 ta
008 20050919b un ||||| |||| 00| 0 ukr d
942 _cMG
040 _aUA-OsUOA
_bukr
_cUA-OsUOA
_dUA-OsUOA
245 _aСповідуємо Україну
300 _a105 с.
955 _a2
041 _aukr
260 _aК.
_c2001
650 7 _2UDC
999 _c320422
_d320422